000 00441pab a2200169 454500
008 180718b2010 xxu||||| |||| 00| 0 eng d
100 _aLakshminath, A.
245 _aBasic structure doctrine: A balancing act
260 _c2010
300 _ap.164-199.
362 _aJul-Dec
650 _aConstitutions
700 _aManikyam, K. Sita
773 _aJournal of Constitutional and Parliamentary Studies
908 _aN
909 _a95404
999 _c95404
_d95404